Reneé Rapp - Paroles LEAVE ME ALONE - Statistiques

Statistiques générales
  • Ce quiz a été pris 27 fois
    26 depuis la dernière actualisation
  • Le résultat moyen est 254 sur 295
Statistiques - réponses
Hint Réponse % Correct
a
100%
huh)
100%
I
100%
Couplet 1 I'm
100%
(Uh
100%
alone,
94%
bitch,
94%
but
94%
fun
94%
have
94%
Leave
94%
me
94%
me,
94%
(Mm,
94%
mm)
94%
my
94%
Couplet 2 My
94%
Intro Oh
94%
"Oh,
94%
real
94%
wanna
94%
bad
88%
don't
88%
get
88%
girl
88%
good
88%
kisser
88%
secret?
88%
secret)
88%
so
88%
the
88%
you
88%
all
82%
and
82%
Refrain Can
82%
ex
82%
Got
82%
got
82%
in
82%
it
82%
just
82%
match
82%
nipples
82%
no
82%
of
82%
sick
82%
take
82%
tell
82%
(Tell
82%
to
82%
tongue
82%
T-t-t-take
82%
twister
82%
walked
82%
with
82%
ain't
76%
back
76%
deep
76%
disturb
76%
Even
76%
fucking
76%
her
76%
line
76%
lips
76%
little
76%
other
76%
show
76%
Sign
76%
single?"
76%
up,
76%
you're
76%
babe?
71%
breaking
71%
business
71%
c-c-c-cannonball
71%
dimple
71%
hair
71%
Hills,
71%
life
71%
now
71%
off,
71%
on
71%
phone
71%
say
71%
sex
71%
signal"
71%
that's
71%
"Where's
71%
called
65%
Come
65%
dance,
65%
end
65%
NDAs
65%
Couplet 3 Party
65%
picture
65%
said
65%
something
65%
still
65%
talk
65%
three
65%
tied
65%
together,
65%
took
65%
us
65%
wet
65%
jeans
59%
low,
59%
manager
59%
people
59%
hundred
53%
tryna
53%
Wear
53%
Put
29%
Aucun quiz correspondant
Distribution des résultats
% des personnes avec chaque résultat
Percentile par nombre de réponses
Votre historique - résultats
Vous n’avez pas pris ce quiz depuis la dernière actualisation